Todos los personajes de El Señor de los Anillos (libro) - Estadísticas

Estadísticas generales
  • Esta prueba ha sido intentada 944 veces
    565 desde el último reinicio
  • La puntuación promedio es 51 de 286
Estadísticas de respuestas
Pista Respuesta % Correcto
Hobbits de la Comarca Frodo Bolsón
96%
Hobbits de la Comarca Bilbo Bolsón
91%
Magos Gandalf el Gris
91%
Hobbits de la Comarca Frodo*
90%
Hobbits de la Comarca Samsagaz (Sam) Gamyi
89%
Elfos Legolas
85%
Magos Saruman el Blanco
85%
Fuerzas del Mal Sauron
85%
Dúnedain del Norte Aragorn Elessar
82%
Hobbits de la Comarca Peregrin (Pippin) Tuk
82%
Hobbits de la Comarca Meriadoc (Merry) Brandigamo
80%
Enanos Gimli
74%
Elfos Galadriel
73%
Dúnedain del Sur Boromir
70%
Hobbits de la Comarca Merry*
70%
Dúnedain del Sur Faramir
67%
Elfos Elrond
66%
Hobbits de la Comarca Pippin*
66%
Hobbits de los valles del Anduin Sméagol (Gollum)
65%
Elfos Arwen Undómiel
61%
Ents Bárbol (Fangorn)
61%
Rohirrim Théoden Ednew
59%
Enanos Thorin Escudo de Roble*
58%
Rohirrim Éowyn
57%
Rohirrim Éomer Éadig
56%
Magos Radagast el Pardo
55%
Enanos Glóin
54%
Dragones Smaug*
52%
Enanos Balin
50%
Hobbits de la Comarca Tolman (Joven Tom) Coto
50%
Hobbits de la Comarca Tolman (Tom) Coto
50%
Antiguos Héroes y Númenóreanos Isildur*
49%
Hombres de Bree Tom Abrojos
46%
Hobbits de la Comarca Drogo Bolsón*
41%
Dúnedain del Sur Denethor
40%
Rohirrim Gríma Lengua de Serpiente
40%
Fuerzas del Mal Morgoth*
40%
Hobbits de la Comarca Prímula Bolsón*
39%
Desconocido Tom Bombadil
39%
Hobbits de la Comarca Esmeralda Brandigamo
38%
Hobbits de la Comarca Halfast (Hal) Gamyi
38%
Hobbits de la Comarca Rosa (Rosita) Coto
38%
Elfos Thranduil
38%
Hobbits de la Comarca Bandobras (Toro Bramador) Tuk*
37%
Hombres de Valle y el Norte Brand
37%
Antiguos Héroes y Númenóreanos Elendil*
37%
Hobbits de la Comarca Gerontius Tuk*
37%
Caballos y Ponis Sombragrís
37%
Hobbits de la Comarca Adelardo Tuk
36%
Hobbits de la Comarca Angélica Bolsón
36%
Hobbits de la Comarca Dora Bolsón
36%
Hobbits de la Comarca Everardo Tuk
36%
Hobbits de la Comarca Paladin Tuk
36%
Hobbits de la Comarca Hamfast (Ham) Gamyi
35%
Enanos Óin
32%
Enanos Bofur
31%
Enanos Bombur
31%
Elfos Celeborn
31%
Hobbits de los valles del Anduin Déagol*
31%
Enanos Durin el Inmortal*
31%
Enanos Dwalin
31%
Fuerzas del Mal Rey Brujo de Angmar
31%
Dúnedain del Norte Arathorn*
30%
Fuerzas del Mal Daño de Durin
30%
Hobbits de la Comarca Gorbadoc Brandigamo*
30%
Hobbits de la Comarca Melilot Brandigamo
30%
Hobbits de la Comarca Rorimac (Viejo Rory) Brandigamo
30%
Hobbits de la Comarca Saradoc Brandigamo
30%
Enanos Bifur
29%
Hobbits de la Comarca Caléndula Gamyi
28%
Hobbits de la Comarca Lobelia Sacovilla-Bolsón
28%
Elfos Glorfindel
27%
Enanos Ori
27%
Hobbits de la Comarca Andisagaz (Andy) Gamyi
26%
Hombres de Valle y el Norte Bardo*
25%
Fuerzas del Mal Ella-Laraña
25%
Enanos Thráin*
25%
Caballos y Ponis Bill el poni
24%
Hombres de Bree Bill Helechal
24%
Enanos Nori
24%
Rohirrim Théodred
23%
Antiguos Héroes y Númenóreanos Beren*
22%
Fuerzas del Mal Boca de Sauron
22%
Elfos Celebrimbor*
22%
Enanos Dáin Pie de Hierro
22%
Elfos Lúthien Tinúviel*
22%
Hobbits de la Comarca Odo Ganapié
22%
Enanos Thrór*
22%
Hombres de Bree Cebadilla Mantecona
21%
Enanos Dori
21%
Valar Rey Mayor (Manwë)*
21%
Elfos Gil-galad*
20%
Elfos Haldir
20%
Hobbits de la Comarca Otho Sacovilla-Bolsón
20%
Hobbits de la Comarca Carl (Nibs) Coto
19%
Elfos Fëanor*
19%
Hobbits de la Comarca Lotho Sacovilla-Bolsón
19%
Hobbits de la Comarca Sancho Ganapié
19%
Dragones Ancalagon*
18%
Hobbits de la Comarca Arquero (Nick) Coto
18%
Desconocido Baya de Oro
18%
Hobbits de la Comarca Sra. Coto
18%
Hobbits de la Comarca Wilcome (Alegre) Coto
18%
Hobbits de la Comarca Fredegar Bolger
17%
Hombres de Valle y el Norte Beorn*
16%
Elfos Eärendil*
16%
Elfos Elrohir
16%
Rohirrim Háma
16%
Fuerzas del Mal Gothmog
15%
Antiguos Héroes y Númenóreanos Anárion*
14%
Águilas Gwaihir
14%
Antiguos Héroes y Númenóreanos Túrin*
14%
Rohirrim Brego*
13%
Elfos Círdan
13%
Hobbits de la Comarca Granjero Maggot
13%
Antiguos Héroes y Númenóreanos Húrin*
13%
Dúnedain del Sur Húrin de las Llaves
13%
Hobbits de la Comarca Sra. Maggot
13%
Fuerzas del Mal Ungoliant*
13%
Dúnedain del Sur Ecthelion*
12%
Elfos Elladan
12%
Rohirrim Eorl el Joven*
12%
Rohirrim Helm Mano de Hierro*
12%
Caballos y Ponis Trancos el poni
12%
Valar Elbereth (Varda)*
11%
Elfos Thingol*
11%
Valar Araw (Oromë)*
10%
Elfos Celebrían*
10%
Ents Ramaviva (Bregalad)
10%
Hobbits de la Comarca Rosa*
10%
Elfos Finrod*
9%
Fuerzas del Mal Rey de los Muertos
9%
Águilas Thorondor*
9%
Dúnedain del Sur Beregond
8%
Hobbits de Bree Bob
8%
Hobbits de la Comarca Elanor
8%
Caballos y Ponis Hasufel
8%
Hobbits de Bree Sr. Sotomonte en Entibo
8%
Rohirrim Thengel*
8%
Orcos de Isengard Uglúk
8%
Caballos y Ponis Arod
7%
Antiguos Héroes y Númenóreanos Barahir*
7%
Rohirrim Gamelin
7%
Elfos Gildor Inglorion
7%
Hobbits de la Comarca Hugo Ciñatiesa
7%
Dúnedain del Sur Imrahil
7%
Dragones Scatha*
7%
Orcos de Mordor Shagrat
7%
Fuerzas del Mal Viejo Hombre Sauce
7%
Perros Colmillo
6%
Caballos y Ponis Crinblanca
6%
Elfos Elwing*
6%
Enanos Fundin*
6%
Orcos de Mordor Gorbag
6%
Hobbits de Bree Nob
6%
Orcos de Isengard | Orcos de Mordor Snaga
6%
Hobbits de la Comarca Ted Arenas
6%
Hobbits de la Comarca Will Pieblanco
6%
Hombres de Valle y el Norte Bain*
5%
Dúnedain del Sur Bergil
5%
Rohirrim Éomund*
5%
Elfos Erestor
5%
Rohirrim Erkenbrand
5%
Hobbits de la Comarca Folco Boffin
5%
Rohirrim Fréa*
5%
Drúedain Ghân-buri-Ghân
5%
Rohirrim Grimbold
5%
Dúnedain del Norte Halbarad
5%
Águilas Landroval
5%
Elfos Lindir
5%
Perros Lobo
5%
Elfos Amroth*
4%
Dúnedain del Sur Anborn
4%
Elfos Dior*
4%
Dúnedain del Sur Finduilas*
4%
Dúnedain del Sur Forlong el Gordo
4%
Rohirrim Fréaláf*
4%
Elfos Galdor
4%
Perros Garra
4%
Fuerzas del Mal Guardián del Agua
4%
Antiguos Héroes y Númenóreanos Hador*
4%
Dúnedain del Sur Mablung
4%
Águilas Meneldor
4%
Elfos Nimrodel*
4%
Caballos y Ponis Roheryn
4%
Hobbits de la Comarca Sr. Arenas
4%
Hobbits de la Comarca Sr. Boffin en Sobremonte
4%
Hobbits de la Comarca Tobold Corneta*
4%
Dúnedain del Norte Valandil*
4%
Dúnedain del Sur Angbor
3%
Caballos y Ponis Asfaloth
3%
Dúnedain del Sur Damrod
3%
Rohirrim Déor*
3%
Rohirrim Déorwine
3%
Dúnedain del Sur Derufin
3%
Dúnedain del Sur Dervorin
3%
Dúnedain del Sur Duilin
3%
Rohirrim Dúnhere
3%
Dúnedain del Sur Eärnur*
3%
Rohirrim Éothain
3%
Orcos de Mordor Grishnákh
3%
Dúnedain del Sur Hirgon
3%
Dúnedain del Sur Hirluin el Hermoso
3%
Dúnedain del Sur Ingold
3%
Dúnedain del Sur Ioreth
3%
Orcos de Isengard Mauhúr
3%
Ents Miembros de Junco (Fimbrethil)*
3%
Caballos y Ponis Pies de Fuego
3%
Hobbits de la Comarca Rizos de Oro*
3%
Hobbits de la Comarca Robin Madriguera
3%
Rohirrim Aldor*
2%
Dúnedain del Norte Arvedui*
2%
Hobbits de la Comarca Cavada Manoverde*
2%
Rohirrim Ceorl
2%
Dúnedain del Sur Duinhir
2%
Rohirrim Elfhelm
2%
Rohirrim Fengel*
2%
Dúnedain del Sur Golasgil
2%
Caballos y Ponis Gordo Terronillo
2%
Ents Hayala
2%
Hobbits de la Comarca Hob Guardacercas
2%
Caballos y Ponis Hoja de Viento
2%
Orcos de Isengard Lugdush
2%
Hobbits de la Comarca Milo Madriguera
2%
Enanos Narvi*
2%
Elfos Orophin
2%
Elfos Rúmil
2%
Ents Zarcillo (Finglas)
2%
Rohirrim Baldor*
1%
Dúnedain del Sur Baranor*
1%
Dúnedain del Sur Berúthiel*
1%
Dúnedain del Sur Cirion*
1%
Caballos y Ponis Cola-Viva
1%
Ents Corteza (Fladrif)
1%
Elfos Daeron*
1%
Hombres de Bree Enrique Madreselva
1%
Rohirrim Fastred
1%
Caballos y Ponis Felaróf*
1%
Enanos Flói
1%
Rohirrim Folca*
1%
Rohirrim Folcwine*
1%
Enanos Frár
1%
Rohirrim Fréawine*
1%
Rohirrim Gálmód*
1%
Rohirrim Gárulf
1%
Rohirrim Gléowine*
1%
Rohirrim Goldwine*
1%
Hobbits de la Comarca Gorhendad Gamoviejo*
1%
Rohirrim Gram*
1%
Hombres de Valle y el Norte Grimbeorn el Viejo
1%
Rohirrim Guthláf
1%
Rohirrim Harding
1%
Rohirrim Herefara
1%
Rohirrim Herubrand
1%
Rohirrim Horn
1%
Dúnedain del Sur Iorlas
1%
Orcos de Mordor Lagduf
1%
Rohirrim Léofa*
1%
Enanos Lóni
1%
Dúnedain del Norte Malbeth el Vidente*
1%
Dúnedain del Sur Mardil Voronwë*
1%
Hombres de Bree Mat Dedos Matosos
1%
Caballos y Ponis Medias Blancas
1%
Dúnedain del Sur Meneldil*
1%
Orcos de Mordor Muzgash
1%
Enanos Náli
1%
Caballos y Ponis Nariz-Aguda
1%
Dúnedain del Norte Ohtar*
1%
Caballos y Ponis Oreja-Fina
1%
Hobbits de la Comarca Papá Dospiés
1%
Caballos y Ponis Piesligeros*
1%
Orcos de Mordor Radbug
1%
Caballos y Ponis Rocino
1%
Hombres de Bree Rowlie Manzanero
1%
Hobbits de Bree Sr. Artemisa
1%
Caballos y Ponis Stybba
1%
Dúnedain del Sur Targon
1%
Enanos Telchar*
1%
Orcos de Mordor Ufthak
1%
Hobbits de la Comarca Viejo Nogales
1%
Hobbits de la Comarca Viuda Rumble
1%
Dúnedain del Sur Vorondil el Cazador*
1%
Rohirrim Walda*
1%
Rohirrim Wídfara
1%
Hobbits de Bree Willie Bancos
1%
No se encontraron pruebas coincidentes
Distribución de puntuación
Porcentaje de gente con cada puntuación
Porcentaje por número respondido
Historial de tus puntuaciones
No has intentado esta prueba desde el último reinicio